Actors Through the Decades - Statistics

General Stats
  • This quiz has been taken 21 times
  • The average score is 15 of 30
Answer Stats
Picture Hint Answer % Correct
Robin Williams (2000s) Night at the Museum
94%
Robin Williams (1990s) Good Will Hunting
88%
Robin Williams (1980s) Popeye
88%
Sacha Baron Cohen (2000s) Borat
82%
Dustin Hoffman (1980s) Rain Man
82%
Winona Ryder (1980s) Beetlejuice
76%
Meryl Streep (2000s) Mamma Mia!
65%
Natalie Portman (2010s) Thor
65%
Steve Carell (2020s) Despicable Me 4
59%
Dustin Hoffman (1960s) Midnight Cowboy
59%
Javier Bardem (2000s) No Country for Old Men
59%
Dustin Hoffman (1970s) All the President's Men
53%
Bradley Cooper (2020s) Guardians of the Galaxy Vol. 3
53%
Steve Carell (2000s) The 40-Year-Old Virgin
53%
Sacha Baron Cohen (2010s) The Dictator
53%
Bradley Cooper (2000s) The Hangover
53%
Natalie Portman (2000s) V for Vendetta
53%
Winona Ryder (1990s) Little Women
41%
Meryl Streep (2010s) The Iron Lady
41%
Natalie Portman (1990s) The Phantom Menace
41%
Denzel Washington (2000s) Training Day
41%
Bradley Cooper (2010s) American Sniper
35%
Winona Ryder (2000s) Mr. Deeds
35%
Sacha Baron Cohen (2020s) Luca
29%
Javier Bardem (2010s) Pirates of the Caribbean: Dead Men Tell No Tales
29%
Denzel Washington (2020s) The Tragedy of Macbeth
29%
Meryl Streep (1990s) Death Becomes Her
24%
Denzel Washington (2010s) The Equalizer
24%
Javier Bardem (2020s) The Little Mermaid
18%
Steve Carell (2010s) Vice
18%
No matching quizzes found
Score Distribution
Percent of People with Each Score
Percentile by Number Answered
Your Score History
You have not taken this quiz